Intervención en crisis y respuesta al trauma : teoría y práctica /

Guardat en:
Dades bibliogràfiques
Autor principal: Rubin Wainrib, Barbara (autor)
Altres autors: Bloch, Ellin L. (autor) (autor)
Format: Llibre
Idioma:espanyol
Publicat: Bilbao, España : Desclée de Brouwer, 2000, c2000
Col·lecció:(Biblioteca de Psicología Desclée de Brouwer ; 107)
Matèries:
Etiquetes: Afegir etiqueta

MARC

LEADER 00000nam^a2200000^a^4500
001 000161953
005 20250521000000.0
009 20260310100815.905
020 |a 84-330-1555-9 
037 |a Acervo ITESO - Biblioteca 
041 |a ESP 
082 |a 616. 8914  |b RUB 
100 |a Rubin Wainrib, Barbara  |e (autor) 
245 1 0 |a Intervención en crisis y respuesta al trauma :  |b teoría y práctica /  |c B. Rubin Wainrib, E.L. Bloch ; tr. por Víctor M. Arnáiz Adrián. 
264 4 |a Bilbao, España :  |b Desclée de Brouwer,  |c 2000, c2000 
300 |a 183 p. 
336 |a texto  |b txt  |2 rdacontenido 
337 |a sin mediación  |b n  |2 rdamedio 
338 |a volumen  |b nc  |2 rdasoporte 
440 1 |a (Biblioteca de Psicología Desclée de Brouwer ;  |v 107) 
500 |a Traducción de: Crisis Intervention and Trauma Response. Theory and Practice 
649 |a XX 
650 |a Trauma 
650 |a Intervención en Crisis 
650 |a Violencia 
650 |a Suicidio 
650 |a Conducta Antisocial 
650 |a Salud Mental 
650 |a Papel del Analista 
650 |a Relación Analítica 
650 |a Psicoterapia 
650 |a Psicopatología 
650 |a Psicología Clínica 
650 |a Psicoanálisis 
650 |a Psicología 
700 |a Bloch, Ellin L.  |e (autor) 
910 |a Fondo General 
920 |a Impresos - Libros 
930 |a Colección General 
905 |a 101 
901 |a 0500186312  |b IT1  |c ACC  |u 20250521 
901 |a 0500094245  |b IT1  |c ACC  |u 20250521 
902 |a https://opac.biblio.iteso.mx/vufind/Record/000161953